| 000 | 01620cam a22003375i 4500 | ||
|---|---|---|---|
| 999 |
_c26890 _d26862 |
||
| 001 | 19066120 | ||
| 003 | EG-ScBUE | ||
| 005 | 20200108111919.0 | ||
| 008 | 160425s2017 enk f bd 001 0 eng d | ||
| 020 | _a9781472575111 | ||
| 040 |
_aDLC _beng _erda _cDLC _dDLC _dEG-ScBUE _dEG-ScBUE |
||
| 082 | 0 | 4 |
_a808.3 _bHAW _222 |
| 100 | 1 |
_aHawthorn, Jeremy, _eauthor. _941827 |
|
| 245 | 1 | 0 |
_aStudying the novel / _cJeremy Hawthorn. |
| 250 | _aSeventh edition. | ||
| 264 |
_aLondon ; _aNew York : _bBloomsbury Academic / Bloomsbury Publishing, _c2017. |
||
| 300 |
_avii, 312 pages ; _c24 cm. |
||
| 336 |
_atext _btxt _2rdacontent |
||
| 337 |
_aunmediated _bn _2rdamedia |
||
| 338 |
_avolume _bnc _2rdacarrier |
||
| 490 | 0 | _aStudying | |
| 500 | _aIncludes glossary. | ||
| 504 | _aIncludes bibliographical references and index. | ||
| 505 | 8 | _aMachine generated contents note: -- Introduction to the seventh edition -- 1. Fiction and the Novel -- 2. History, Genre, Culture -- 3. Shorter Fiction -- 4. Realism, Modernism, Postmodernism -- 5. Fiction and Electronic Media -- 6. Analysing Fiction -- 7. Studying the Novel -- 8. Versions and Adaptations -- 9. Critical Approaches to Fiction Timeline of the Novel -- Glossary of Terms -- Bibliography -- Index. | |
| 520 | _a"Updated throughout to explore the impact of digital resources, e-reading and growing interest in world literature, this is a comprehensive introduction to the study of the novel in all its forms" | ||
| 650 | 7 |
_aFiction _xHistory and criticism. _2BUEsh |
|
| 651 | _2BUEsh | ||
| 653 | 7 |
_bHHUUEENN _cOctober2018 |
|
| 655 | 7 | _vReading book | |
| 942 |
_2ddc _cBB |
||